Garanta̕s de los derechos en el nuevo panorama constitucional cubano

Bibliographic Details
Format: eBook
Language:Spanish
Published: Madrid: Dykinson, 2020
Subjects:
Online Access:Acceso restringido

MARC

LEADER 00000nam a22000007a 4500
005 20200520154825.0
007 cr|||| ||||
008 200520s2020 cu |||||s|||| 00||0 spa d
020 |a 978-84-1324-698-7 
035 |a 31541 
040 |a vLex 
090 |c 10356  |d 10356 
245 0 0 |a Garanta̕s de los derechos en el nuevo panorama constitucional cubano  |h [Recurso electrn̤ico] / 
256 |a Servicio en ln̕ea 
260 |a Madrid:  |b Dykinson,  |c 2020 
300 |a 1 recurso electrn̤ico 
506 1 |a Disponible solo en los productos indicados  |d vLex Global  |d vLex Global (Academic Edition, excluding Law Schools)  |d vLex Global (U.S. Academic Edition, Law Schools)  |d vLex Global (U.S. Academic Edition, excluding Law Schools)  |d vLex Global (Academic Edition, Law Schools) 
650 0 4 |a Derecho Constitucional  |z Cuba 
740 0 |a vLex Libros (Servicio en ln̕ea) 
856 4 0 |u http://vlex.com/source/garantias-derechos-nuevo-panorama-constitucional-cubano-31541  |z Acceso restringido 
942 |c BOOK 
999 0 |a Constitutional right